Super Mario Bros. 3 Enemies - Sudden Death - Statistics

General Stats
  • This quiz has been taken 80 times
  • The average score is 6 of 16
Answers on the Grid
Answers color-coded by a green-red scale on the quiz's grid according to % correct below.
Goomba
Shy Guy
Cheep Cheep
Albatoss
Wiggler
Flame Chomp
Spike
Cataquack
Bob-omb
Chargin' Chuck
Rex
Grand Goomba
Chain Chomp
Magikoopa
Rocky Wrench
Banzai Bill
Dino Rhino
Boo
Pokey
Snifit
Lakitu
Bullet Bill
Piranha Plant
Whomp
Dry Bones
Octoomba
Thwomp
Blargg
Koopa Troopa
Ninji
Hammer Brothers
Bully
 
Answer Stats
Answer % Correct
Goomba
96%
Chain Chomp
44%
Boo
42%
Cheep Cheep
40%
Bob-omb
38%
Koopa Troopa
38%
Bullet Bill
34%
Spike
34%
Dry Bones
32%
Lakitu
32%
Piranha Plant
30%
Thwomp
28%
Hammer Brothers
26%
Rocky Wrench
24%
Flame Chomp
22%
Grand Goomba
16%
No matching quizzes found
Score Distribution
Percent of People with Each Score
Percentile by Number Answered
Your Score History
You have not taken this quiz